[Event "Alberta op"]
[Site "Calgary CAN"]
[Date "2010.11.10"]
[Round "3.7"]
[White "Wang, Richard"]
[Black "Singh, Krishneel"]
[Result "1-0"]
[WhiteElo "2302"]
[BlackElo "1374"]
[PlyCount "55"]
[GameId "2160767909863675"]
[EventDate "2010.10.09"]
[EventType "swiss"]
[EventRounds "6"]
[EventCountry "CAN"]
[SourceTitle "EXT 2022"]
[Source "ChessBase"]
[SourceDate "2021.10.06"]
[SourceVersion "1"]
[SourceVersionDate "2021.10.06"]
[SourceQuality "1"]

1. d4 d5 2. Nf3 Nc6 3. e3 Bg4 4. Nbd2 e6 5. c4 Bb4 6. a3 Bxd2+ 7. Bxd2 Nge7 8. b4 Ng6 9. Bd3 e5 10. b5 Nce7 11. Be2 e4 12. Ng5 Bxe2 13. Qxe2 h6 14. Nh3 Nh4 15. O-O g5 16. Bb4 Neg6 17. Rac1 Qd7 18. cxd5 f5 19. Rc3 g4 20. Nf4 Nxf4 21. exf4 Kf7 22. Rfc1 Rac8 23. Qc2 Qxd5 24. Rxc7+ Ke6 25. Rxc8 e3 26. Qc4 Rxc8 27. Qxd5+ Kxd5 28. Rxc8 1-0

[Event "Alberta op"]
[Site "Calgary CAN"]
[Date "2010.10.10"]
[Round "4.4"]
[White "Ebrahim Shirazi, Behrooz"]
[Black "Wang, Richard"]
[Result "0-1"]
[WhiteElo "2075"]
[BlackElo "2302"]
[PlyCount "80"]
[GameId "2160767909863679"]
[EventDate "2010.10.09"]
[EventType "swiss"]
[EventRounds "6"]
[EventCountry "CAN"]
[SourceTitle "EXT 2022"]
[Source "ChessBase"]
[SourceDate "2021.10.06"]
[SourceVersion "1"]
[SourceVersionDate "2021.10.06"]
[SourceQuality "1"]

1. d4 d5 2. c4 c6 3. Nf3 Nf6 4. e3 Bf5 5. Nc3 e6 6. Nh4 Bg6 7. Nxg6 hxg6 8. Qc2 Nbd7 9. Be2 Bd6 10. h3 Qe7 11. Bd2 O-O 12. O-O a6 13. c5 Bc7 14. f4 Rfd8 15. b4 Nh7 16. a4 f5 17. b5 axb5 18. axb5 g5 19. Rxa8 Rxa8 20. b6 Bb8 21. g3 gxf4 22. gxf4 g5 23. Kh2 Qf6 24. Rg1 Kh8 25. Kh1 Qh6 26. Bf1 gxf4 27. Nxd5 exd5 28. Qxf5 fxe3 29. Bxe3 Qxe3 30. Qxd7 Qf3+ 31. Bg2 Qf4 32. Qe8+ Qf8 33. Qd7 Ra2 34. Qg4 Qf4 35. Qxf4 Bxf4 36. Rf1 Bb8 37. Rf7 Kg8 38. Bxd5 cxd5 39. Rxb7 Bg3 40. c6 Ng5 0-1

[Event "Alberta op"]
[Site "Calgary CAN"]
[Date "2010.10.11"]
[Round "5.3"]
[White "Wang, Richard"]
[Black "Wen, Jean-Francois"]
[Result "1-0"]
[WhiteElo "2302"]
[BlackElo "2172"]
[PlyCount "175"]
[GameId "2160767909863685"]
[EventDate "2010.10.09"]
[EventType "swiss"]
[EventRounds "6"]
[EventCountry "CAN"]
[SourceTitle "EXT 2022"]
[Source "ChessBase"]
[SourceDate "2021.10.06"]
[SourceVersion "1"]
[SourceVersionDate "2021.10.06"]
[SourceQuality "1"]

1. d4 d5 2. Nf3 Nf6 3. e3 c5 4. c4 dxc4 5. Bxc4 e6 6. O-O a6 7. a4 Nc6 8. Nc3 Be7 9. b3 cxd4 10. exd4 O-O 11. Bb2 Nb4 12. Re1 b6 13. Ne5 Bb7 14. Qe2 Nbd5 15. Nxd5 Nxd5 16. g3 Bb4 17. Rec1 Qe7 18. f4 Rfc8 19. Nd3 Bd6 20. Re1 g6 21. Rac1 Ba3 22. Bxa3 Qxa3 23. Ne5 Qd6 24. Ng4 Kg7 25. Qe5+ Qxe5 26. dxe5 Bc6 27. Bf1 b5 28. a5 b4 29. Rc5 Nc3 30. Rc4 Rab8 31. Nf6 Bb5 32. Rxc8 Rxc8 33. Bxb5 Nxb5 34. Re4 Rc1+ 35. Kg2 Ra1 36. Rxb4 Rxa5 37. g4 Ra2+ 38. Kg3 Rc2 39. g5 h5 40. Ra4 Rc6 41. Ra1 Kf8 42. Rd1 Rc8 43. Rd7 Nc7 44. Kf3 Ne8 45. Ne4 Rb8 46. Nd2 Rc8 47. Nc4 Rb8 48. Nd2 a5 49. Ra7 Rb5 50. Ke2 Rb4 51. Ke3 Rb5 52. Ke2 Rb4 53. Ke3 Rb5 54. Ra8 Ke7 55. Ra7+ Kf8 56. Kd3 Rb4 57. Kc3 Rxf4 58. Rxa5 Nc7 59. Nc4 h4 60. Ne3 h3 61. Rc5 Rf3 62. Kd4 Nd5 63. Nxd5 exd5 64. Rc3 Rf5 65. Rg3 Ke7 66. Kxd5 Kd7 67. Rxh3 Rxg5 68. Rf3 Ke7 69. h3 Rg1 70. Rd3 Rb1 71. Re3 Rd1+ 72. Kc5 Ke6 73. b4 Rc1+ 74. Kb6 Kd5 75. b5 Rb1 76. Ka6 Ra1+ 77. Kb7 Rb1 78. b6 Rc1 79. Ka8 Rb1 80. b7 Ra1+ 81. Kb8 Rc1 82. Ra3 Kxe5 83. Ka8 Rb1 84. b8=Q+ Rxb8+ 85. Kxb8 f5 86. Kc7 f4 87. Kd7 Ke4 88. Ke6 1-0

[Event "Alberta op"]
[Site "Calgary CAN"]
[Date "2010.10.11"]
[Round "6.2"]
[White "Ristovic, Nenad"]
[Black "Wang, Richard"]
[Result "1-0"]
[WhiteElo "2252"]
[BlackElo "2302"]
[PlyCount "147"]
[GameId "2160767909863690"]
[EventDate "2010.10.09"]
[EventType "swiss"]
[EventRounds "6"]
[EventCountry "CAN"]
[SourceTitle "EXT 2022"]
[Source "ChessBase"]
[SourceDate "2021.10.06"]
[SourceVersion "1"]
[SourceVersionDate "2021.10.06"]
[SourceQuality "1"]

1. d4 d5 2. c4 c6 3. cxd5 cxd5 4. Nc3 Nf6 5. Bf4 Nc6 6. e3 Bf5 7. Nf3 e6 8. Bb5 Nd7 9. Bxc6 bxc6 10. O-O Be7 11. Rc1 O-O 12. Na4 Rc8 13. Ne5 Nxe5 14. Bxe5 Qa5 15. a3 Qb5 16. Rc3 f6 17. Bg3 Rfe8 18. h3 Bf8 19. b4 a5 20. bxa5 Qxa5 21. Qb3 e5 22. Rfc1 Rb8 23. Qd1 Bd7 24. Nc5 Bxc5 25. Rxc5 Qxa3 26. e4 Rb4 27. Ra1 Qb2 28. dxe5 Rxe4 29. Rb1 Qd4 30. Qxd4 Rxd4 31. Rb7 Bc8 32. Rc7 fxe5 33. R7xc6 Bf5 34. Rd6 Rd1+ 35. Kh2 e4 36. Rdxd5 Rxd5 37. Rxd5 Bg6 38. Be5 Re7 39. Kg3 Kf7 40. Kf4 Ra7 41. Rb5 Rd7 42. Rb6 Rd2 43. Ke3 Rd3+ 44. Ke2 Rd7 45. Bb2 Bf5 46. Ke3 Bg6 47. Bd4 Bf5 48. Rb8 Bg6 49. g4 Re7 50. Kf4 h5 51. Bc5 Rc7 52. Bd6 Rd7 53. Ke5 Bh7 54. gxh5 g6 55. hxg6+ Bxg6 56. Rb6 Kg7 57. Bf8+ Kh7 58. Bc5 Rf7 59. Be3 Re7+ 60. Kf6 Rf7+ 61. Kg5 Rf5+ 62. Kg4 Rf7 63. h4 Rf5 64. Rb7+ Kg8 65. Bd4 Rf7 66. Rb8+ Rf8 67. Rb6 Bh7 68. Kg5 Rf7 69. Kh6 Bf5 70. Bg7 Bc8 71. Rg6 Bf5 72. Rg5 Bh7 73. Rb5 Re7 74. Rb8+ 1-0

[Event "Battle At The Border"]
[Site "Lloydminster CAN"]
[Date "2010.09.04"]
[Round "1.8"]
[White "Janzen, Tyler"]
[Black "Wang, Richard"]
[Result "0-1"]
[WhiteElo "1694"]
[BlackElo "2298"]
[PlyCount "84"]
[GameId "2160767909888993"]
[EventDate "2010.09.04"]
[EventType "swiss"]
[EventRounds "5"]
[EventCountry "CAN"]

1. d4 d5 2. c4 c6 3. Nf3 Nf6 4. Nc3 e6 5. e3 Nbd7 6. Bd3 dxc4 7. Bxc4 b5 8. Bd3 a6 9. O-O Be7 10. Bc2 c5 11. Ne5 Bb7 12. Nxd7 Qxd7 13. dxc5 Qc6 14. f3 Qxc5 15. Qd4 Qc7 16. Qf4 Bd6 17. Qh4 O-O 18. Be4 Nxe4 19. Nxe4 Bxe4 20. fxe4 Be5 21. Rf2 f6 22. Bd2 Bxb2 23. Raf1 Be5 24. Rf3 Rad8 25. Bb4 Rf7 26. Rh3 g6 27. Qg4 Qc4 28. a3 f5 29. Qg5 Bf6 30. Qg3 Qxe4 31. Rh6 Qe5 32. Qf3 Bg5 33. Rh3 Rfd7 34. Ba5 Rc8 35. Bb6 Qd5 36. Qe2 Qe4 37. Rg3 Rc2 38. Qf3 Qxf3 39. Rgxf3 Rdd2 40. Rg3 Bh4 41. Rh3 Rxg2+ 42. Kh1 Be7 0-1

[Event "Lloydminster BATB op"]
[Site "Lloydminster CAN"]
[Date "2010.09.05"]
[Round "4.5"]
[White "Wang, Richard"]
[Black "Willis, Bradley"]
[Result "0-1"]
[WhiteElo "2298"]
[BlackElo "2130"]
[PlyCount "42"]
[GameId "2160767909889098"]
[EventDate "2010.09.04"]
[EventType "swiss"]
[EventRounds "6"]
[EventCountry "CAN"]
[SourceTitle "EXT 2022"]
[Source "ChessBase"]
[SourceDate "2021.10.06"]
[SourceVersion "1"]
[SourceVersionDate "2021.10.06"]
[SourceQuality "1"]

1. d4 e6 2. Nf3 f5 3. g3 Nf6 4. Bg2 d5 5. O-O Bd6 6. c4 c6 7. Nbd2 Nbd7 8. Qc2 O-O 9. Rb1 Qe8 10. b4 Qh5 11. a4 Ne4 12. b5 Ndf6 13. bxc6 bxc6 14. h3 g5 15. Ne5 c5 16. Nxe4 Nxe4 17. g4 Qh4 18. cxd5 cxd4 19. Nf3 Qh6 20. gxf5 exf5 21. Qc6 Bh2+ 0-1

[Event "Lloydminster BATB op"]
[Site "Lloydminster CAN"]
[Date "2010.09.06"]
[Round "5.6"]
[White "Wang, Richard"]
[Black "Sequillion, Aaron"]
[Result "1-0"]
[WhiteElo "2298"]
[BlackElo "2074"]
[PlyCount "77"]
[GameId "2160767909889113"]
[EventDate "2010.09.04"]
[EventType "swiss"]
[EventRounds "6"]
[EventCountry "CAN"]
[SourceTitle "EXT 2022"]
[Source "ChessBase"]
[SourceDate "2021.10.06"]
[SourceVersion "1"]
[SourceVersionDate "2021.10.06"]
[SourceQuality "1"]

1. d4 g6 2. Nf3 Bg7 3. c3 Nf6 4. Bg5 O-O 5. Nbd2 d5 6. e3 b6 7. Bd3 c5 8. O-O Ba6 9. Bxa6 Nxa6 10. Ne5 Nc7 11. f4 Qd6 12. Qa4 Rfd8 13. b4 cxd4 14. cxd4 b5 15. Qa5 Qb6 16. Nb3 Qxa5 17. Nxa5 Kf8 18. Nb7 Rdb8 19. Bxf6 Rxb7 20. Nd7+ Kg8 21. Nc5 Rb6 22. Bh4 e6 23. Rfc1 Ne8 24. a4 Nd6 25. axb5 Rxb5 26. Na6 Rb7 27. Rc7 Rab8 28. Rc6 Bf8 29. Nxb8 Rxb8 30. Rxa7 Rxb4 31. Ra8 Ne4 32. h3 Kg7 33. Rcc8 Bd6 34. Rg8+ Kh6 35. Ra7 f6 36. Rgg7 Rb1+ 37. Kh2 g5 38. Rxh7+ Kg6 39. Rag7+ 1-0

[Event "Lloydminster BATB op"]
[Site "Lloydminster CAN"]
[Date "2010.09.06"]
[Round "6.7"]
[White "Zeggelaar, Mike"]
[Black "Wang, Richard"]
[Result "1-0"]
[WhiteElo "1972"]
[BlackElo "2298"]
[PlyCount "149"]
[GameId "2160767909889128"]
[EventDate "2010.09.04"]
[EventType "swiss"]
[EventRounds "6"]
[EventCountry "CAN"]
[SourceTitle "EXT 2022"]
[Source "ChessBase"]
[SourceDate "2021.10.06"]
[SourceVersion "1"]
[SourceVersionDate "2021.10.06"]
[SourceQuality "1"]

1. e4 c5 2. d4 cxd4 3. c3 dxc3 4. Nxc3 Nc6 5. Nf3 d6 6. Bc4 e6 7. O-O Nf6 8. Qe2 Be7 9. Rd1 e5 10. h3 O-O 11. Be3 h6 12. b4 a6 13. Rd2 Be6 14. Rad1 b5 15. Bxe6 fxe6 16. Bc5 Qc7 17. Rxd6 Nd4 18. Nxd4 exd4 19. e5 Bxd6 20. exd6 Qf7 21. Rxd4 Nd7 22. f3 Rfc8 23. Ne4 a5 24. a3 axb4 25. Bxb4 e5 26. Rd1 Qb3 27. Rd3 Qc4 28. Kh2 Kf7 29. Qe3 Kg8 30. Kg3 Rab8 31. Kf2 Qa2+ 32. Rd2 Qe6 33. Qa7 Ra8 34. Qb7 Rab8 35. Qa7 Qf7 36. Qe3 Rb7 37. Nc5 Nxc5 38. Bxc5 e4 39. Bb4 exf3 40. Qxf3 Rf8 41. Qxf7+ Kxf7 42. Ke3 Ke6 43. Ke4 g5 44. g3 Rf5 45. Rd3 Re5+ 46. Kf3 Rf7+ 47. Kg4 Rd5 48. Re3+ Re5 49. Rd3 Rd5 50. Re3+ Kf6 51. Bc3+ Kg6 52. Re6+ Kh7 53. Kh5 g4+ 54. Kxg4 Rc5 55. Bd2 h5+ 56. Kh4 Rd7 57. Bf4 Kg7 58. Re7+ Rxe7 59. dxe7 Kf7 60. Bd6 Rd5 61. Bb4 Re5 62. g4 Kg6 63. gxh5+ Rxh5+ 64. Kg4 Re5 65. Kf4 Re6 66. h4 Re2 67. h5+ Kxh5 68. Kf5 Rf2+ 69. Ke6 Re2+ 70. Kd7 Kg6 71. e8=Q+ Rxe8 72. Kxe8 Kf5 73. Kd7 Ke5 74. Kc6 Ke6 75. Bc5 1-0

[Event "Edmonton int."]
[Site "Edmonton CAN"]
[Date "2010.07.28"]
[Round "1"]
[White "Wang, Richard"]
[Black "Gardner, Robert"]
[Result "1-0"]
[WhiteElo "2190"]
[BlackElo "2151"]
[PlyCount "75"]
[GameId "2160767909914893"]
[EventDate "2010.07.28"]
[EventType "tourn"]
[EventRounds "9"]
[EventCountry "CAN"]
[EventCategory "4"]
[SourceTitle "CBM 137 Extra"]
[Source "ChessBase"]
[SourceDate "2010.09.01"]
[SourceVersion "1"]
[SourceVersionDate "2010.09.01"]
[SourceQuality "1"]

1. d4 Nf6 2. Nf3 e6 3. e3 b6 4. Bd3 Bb7 5. O-O d5 6. Ne5 Be7 7. Nd2 c5 8. b3 O-O 9. Bb2 Nbd7 10. f4 Ne4 11. Nxe4 dxe4 12. Bc4 Nxe5 13. fxe5 Bg5 14. Qe2 a6 15. a4 Bd5 16. Bxd5 exd5 17. a5 cxd4 18. Bxd4 b5 19. c4 bxc4 20. bxc4 dxc4 21. Qxc4 Qd7 22. Rab1 Rfc8 23. Qa2 Rc6 24. Rb6 Rac8 25. Rxc6 Rxc6 26. Qb1 g6 27. Qxe4 Bd8 28. Ra1 Re6 29. Qc2 Kg7 30. Qc5 Qc7 31. Qd5 Qe7 32. Rb1 Qh4 33. g3 Qg5 34. Rb7 Be7 35. Kg2 Qf5 36. Rb2 Qd3 37. Rf2 Qa3 38. Qf3 1-0

[Event "Edmonton int."]
[Site "Edmonton CAN"]
[Date "2010.07.29"]
[Round "2"]
[White "Wang, Richard"]
[Black "Pechenkin, Vladimir"]
[Result "1/2-1/2"]
[WhiteElo "2190"]
[BlackElo "2345"]
[PlyCount "57"]
[GameId "2160767909914898"]
[EventDate "2010.07.28"]
[EventType "tourn"]
[EventRounds "9"]
[EventCountry "CAN"]
[EventCategory "4"]
[SourceTitle "CBM 137 Extra"]
[Source "ChessBase"]
[SourceDate "2010.09.01"]
[SourceVersion "1"]
[SourceVersionDate "2010.09.01"]
[SourceQuality "1"]

1. d4 f5 2. Nf3 e6 3. g3 Nf6 4. Bg2 Be7 5. O-O O-O 6. c4 d6 7. Nc3 a5 8. Re1 Ne4 9. Qc2 Nxc3 10. bxc3 Nc6 11. d5 Ne5 12. Nd4 Nxc4 13. dxe6 d5 14. Nxf5 Bxe6 15. Nxe7+ Qxe7 16. e4 Qc5 17. Bf4 Rad8 18. Rad1 c6 19. exd5 Bxd5 20. Bxd5+ Rxd5 21. Rxd5 Qxd5 22. h4 b5 23. Re4 a4 24. Qe2 h6 25. Re7 Rf7 26. Re8+ Rf8 27. Re7 Rf7 28. Re8+ Rf8 29. Re7 1/2-1/2

[Event "Edmonton int."]
[Site "Edmonton CAN"]
[Date "2010.07.30"]
[Round "4"]
[White "Wang, Richard"]
[Black "Kekelidze, Mikheil"]
[Result "1/2-1/2"]
[WhiteElo "2190"]
[BlackElo "2487"]
[PlyCount "91"]
[GameId "2160767909914908"]
[EventDate "2010.07.28"]
[EventType "tourn"]
[EventRounds "9"]
[EventCountry "CAN"]
[EventCategory "4"]
[SourceTitle "CBM 137 Extra"]
[Source "ChessBase"]
[SourceDate "2010.09.01"]
[SourceVersion "1"]
[SourceVersionDate "2010.09.01"]
[SourceQuality "1"]

1. d4 g6 2. Nf3 Bg7 3. c3 Nf6 4. Bg5 O-O 5. Nbd2 d6 6. e4 Nc6 7. Bc4 Qe8 8. O-O e5 9. dxe5 dxe5 10. b4 b6 11. Qe2 a5 12. a3 Nd8 13. bxa5 Rxa5 14. Nb3 Ra7 15. a4 Nb7 16. Bb5 Qe6 17. Bc4 Qe8 18. Bb5 c6 19. Bc4 Nd6 20. Nfd2 Nxc4 21. Nxc4 Ba6 22. a5 Qe6 23. Nbd2 bxa5 24. Rxa5 Bxc4 25. Nxc4 Rxa5 26. Nxa5 Ra8 27. Nc4 Ra4 28. Nd2 h5 29. f3 Bf8 30. Rb1 Nd7 31. Be3 Bc5 32. h3 Qd6 33. Kh2 Ra2 34. Bxc5 Nxc5 35. Nc4 Rxe2 36. Nxd6 Ne6 37. Rb8+ Kg7 38. Rb7 Nf4 39. Nxf7 Nxg2 40. Nxe5+ Kf6 41. Nxc6 Nh4+ 42. Kg3 g5 43. e5+ Kg6 44. Ne7+ Kh6 45. Ng8+ Kg6 46. Ne7+ 1/2-1/2

[Event "Edmonton int."]
[Site "Edmonton CAN"]
[Date "2010.07.31"]
[Round "5"]
[White "Haessel, Dale"]
[Black "Wang, Richard"]
[Result "1/2-1/2"]
[WhiteElo "2243"]
[BlackElo "2190"]
[PlyCount "59"]
[GameId "2160767909914909"]
[EventDate "2010.07.28"]
[EventType "tourn"]
[EventRounds "9"]
[EventCountry "CAN"]
[EventCategory "4"]
[SourceTitle "CBM 137 Extra"]
[Source "ChessBase"]
[SourceDate "2010.09.01"]
[SourceVersion "1"]
[SourceVersionDate "2010.09.01"]
[SourceQuality "1"]

1. d4 d5 2. c4 c6 3. Nf3 Nf6 4. e3 Bf5 5. Nc3 e6 6. Nh4 Bg6 7. Be2 Nbd7 8. Nxg6 hxg6 9. g3 Qc7 10. O-O Be7 11. a3 O-O 12. Qc2 a5 13. e4 dxc4 14. Bxc4 e5 15. dxe5 Nxe5 16. Be2 Ned7 17. Bf4 Bd6 18. Nb5 cxb5 19. Qxc7 Bxc7 20. Bxc7 Nxe4 21. Bxb5 Ndc5 22. Rac1 Nb3 23. Rcd1 Nbd2 24. Bd3 Ng5 25. h4 Ngf3+ 26. Kg2 Nxf1 27. Bxf1 Rac8 28. Bf4 Rcd8 29. Rc1 Nd2 30. Bb5 1/2-1/2

[Event "Edmonton int."]
[Site "Edmonton CAN"]
[Date "2010.07.31"]
[Round "6"]
[White "Wang, Richard"]
[Black "Langer, Mikhail"]
[Result "1-0"]
[WhiteElo "2190"]
[BlackElo "2280"]
[PlyCount "77"]
[GameId "2160767909914918"]
[EventDate "2010.07.28"]
[EventType "tourn"]
[EventRounds "9"]
[EventCountry "CAN"]
[EventCategory "4"]
[SourceTitle "CBM 137 Extra"]
[Source "ChessBase"]
[SourceDate "2010.09.01"]
[SourceVersion "1"]
[SourceVersionDate "2010.09.01"]
[SourceQuality "1"]

1. d4 Nf6 2. Nf3 e6 3. e3 d5 4. Bd3 c5 5. b3 Nc6 6. O-O Bd6 7. Bb2 O-O 8. Ne5 Qc7 9. f4 Nb4 10. Nc3 Nxd3 11. Qxd3 Bd7 12. Rf3 Bc6 13. Rh3 a6 14. dxc5 Bxe5 15. fxe5 Qxe5 16. Rf1 Ne4 17. Nxe4 Qxe4 18. Rg3 g6 19. Bf6 Bb5 20. Qxe4 dxe4 21. Rf4 Rfc8 22. c4 Bd7 23. Rg5 h6 24. Rh4 Kh7 25. Re5 Bc6 26. Bg5 Kg7 27. Bxh6+ Kf6 28. Rf4+ Ke7 29. Bg5+ Ke8 30. h4 Rc7 31. g4 Rd7 32. h5 gxh5 33. gxh5 Rd1+ 34. Kg2 Rd2+ 35. Kg3 Rd1 36. h6 Rh1 37. Bh4 Kf8 38. Kg2 Rd1 39. h7 1-0

[Event "Edmonton int."]
[Site "Edmonton CAN"]
[Date "2010.08.01"]
[Round "7"]
[White "Kraai, Jesse"]
[Black "Wang, Richard"]
[Result "1-0"]
[WhiteElo "2502"]
[BlackElo "2190"]
[PlyCount "51"]
[GameId "2160767909914921"]
[EventDate "2010.07.28"]
[EventType "tourn"]
[EventRounds "9"]
[EventCountry "CAN"]
[EventCategory "4"]
[SourceTitle "CBM 137 Extra"]
[Source "ChessBase"]
[SourceDate "2010.09.01"]
[SourceVersion "1"]
[SourceVersionDate "2010.09.01"]
[SourceQuality "1"]

1. Nf3 c5 2. c4 Nc6 3. Nc3 Nd4 4. e3 Nxf3+ 5. Qxf3 g6 6. d4 Bg7 7. Bd3 cxd4 8. exd4 Bxd4 9. O-O Bg7 10. Re1 Nf6 11. Bg5 O-O 12. Nd5 Nxd5 13. cxd5 f6 14. d6 e6 15. Bf4 f5 16. Rac1 Qa5 17. Qe2 b6 18. Rc7 Rb8 19. Bc4 Qb4 20. Be5 Bxe5 21. Qxe5 Re8 22. Bb5 Rd8 23. Rec1 Qa5 24. b4 Qxb4 25. Bc4 Re8 26. Ba6 1-0

[Event "Edmonton int."]
[Site "Edmonton CAN"]
[Date "2010.08.01"]
[Round "8"]
[White "Wang, Richard"]
[Black "Porper, Edward"]
[Result "0-1"]
[WhiteElo "2190"]
[BlackElo "2441"]
[PlyCount "88"]
[GameId "2160767909914928"]
[EventDate "2010.07.28"]
[EventType "tourn"]
[EventRounds "9"]
[EventCountry "CAN"]
[EventCategory "4"]
[SourceTitle "CBM 137 Extra"]
[Source "ChessBase"]
[SourceDate "2010.09.01"]
[SourceVersion "1"]
[SourceVersionDate "2010.09.01"]
[SourceQuality "1"]

1. d4 d5 2. Nf3 c6 3. e3 Nf6 4. c4 e6 5. Nbd2 Nbd7 6. Bd3 Be7 7. O-O O-O 8. b3 b6 9. Bb2 Bb7 10. Qe2 Qc7 11. Rac1 Rad8 12. Rfd1 Rfe8 13. Ne5 c5 14. f4 Ne4 15. cxd5 exd5 16. Bb5 Nef6 17. dxc5 bxc5 18. Ndf3 Rf8 19. Qc2 Nxe5 20. Bxe5 Qb6 21. Bxf6 Qxf6 22. Ne5 Qe6 23. Bd3 g6 24. Be2 Bd6 25. Bg4 Qe7 26. Bf3 Qe6 27. Qd3 Be7 28. h3 Qb6 29. Kh1 Rfe8 30. Qc2 Bf8 31. h4 Re7 32. Ng4 Rc7 33. Qd3 h5 34. Ne5 Qf6 35. g3 Bd6 36. e4 Bxe5 37. fxe5 Qxe5 38. exd5 Qxg3 39. Qe4 Rcc8 40. Bg2 Re8 41. Qc4 Qd6 42. Rc3 Re5 43. a3 Rce8 44. Rcc1 Re2 0-1

[Event "Edmonton int."]
[Site "Edmonton CAN"]
[Date "2010.08.02"]
[Round "9"]
[White "Panchanathan, Magesh Chandran"]
[Black "Wang, Richard"]
[Result "1-0"]
[WhiteElo "2533"]
[BlackElo "2190"]
[PlyCount "59"]
[GameId "2160767909914932"]
[EventDate "2010.07.28"]
[EventType "tourn"]
[EventRounds "9"]
[EventCountry "CAN"]
[EventCategory "4"]
[SourceTitle "CBM 137 Extra"]
[Source "ChessBase"]
[SourceDate "2010.09.01"]
[SourceVersion "1"]
[SourceVersionDate "2010.09.01"]
[SourceQuality "1"]

1. Nf3 c5 2. c4 Nc6 3. d4 cxd4 4. Nxd4 Qb6 5. e3 e6 6. Nc3 Nf6 7. Be2 Be7 8. O-O O-O 9. Nb3 d5 10. cxd5 exd5 11. Nxd5 Nxd5 12. Qxd5 Be6 13. Qb5 Bf6 14. Nc5 Bf5 15. Nxb7 Qxb5 16. Bxb5 Nb4 17. Nd6 Bd3 18. Bxd3 Nxd3 19. Rb1 Rad8 20. Nc4 Rc8 21. b3 Rfd8 22. Ba3 g6 23. Rfd1 Rc6 24. Kf1 Re6 25. f4 Kg7 26. g3 Rc6 27. Ke2 Nc5 28. Rxd8 Bxd8 29. Rd1 Be7 30. Kf3 1-0

[Event "CAN-op"]
[Site "Toronto CAN"]
[Date "2010.07.10"]
[Round "1"]
[White "Wang, Richard"]
[Black "Southam, David"]
[Result "1/2-1/2"]
[WhiteElo "2190"]
[BlackElo "2128"]
[PlyCount "87"]
[GameId "2160767909915277"]
[EventDate "2010.07.10"]
[EventType "swiss"]
[EventRounds "9"]
[EventCountry "CAN"]
[SourceTitle "CBM 137 Extra"]
[Source "ChessBase"]
[SourceDate "2010.09.01"]
[SourceVersion "1"]
[SourceVersionDate "2010.09.01"]
[SourceQuality "1"]

1. d4 e6 2. Nf3 f5 3. g3 Nf6 4. Bg2 d5 5. O-O Bd6 6. c4 c6 7. b3 Qe7 8. Bf4 Bxf4 9. gxf4 O-O 10. Ne5 Bd7 11. e3 Be8 12. Nd2 Bh5 13. Bf3 Bxf3 14. Ndxf3 Nbd7 15. Nxd7 Nxd7 16. Qe2 Rf6 17. Kh1 Rh6 18. Rg1 Kh8 19. Rg2 Nf6 20. Rag1 Rg8 21. Ng5 Ne4 22. Nxe4 fxe4 23. Rg5 Rh4 24. f3 exf3 25. Qxf3 Qf7 26. R1g3 Rh6 27. Qg4 Rf6 28. Rg2 h6 29. Re5 Rf5 30. Qg6 Qxg6 31. Rxg6 Rxe5 32. fxe5 Re8 33. h4 Kg8 34. h5 Kf7 35. Kg2 Rd8 36. Kf3 c5 37. Rg4 b6 38. Ke2 Rd7 39. Kd3 Rd8 40. Rg1 Rd7 41. a3 Rd8 42. Rf1+ Ke7 43. Rg1 Kf7 44. Rc1 1/2-1/2

[Event "CAN-op"]
[Site "Toronto CAN"]
[Date "2010.07.11"]
[Round "2"]
[White "Oussedik, Elias"]
[Black "Wang, Richard"]
[Result "0-1"]
[WhiteElo "2002"]
[BlackElo "2190"]
[PlyCount "108"]
[GameId "2160767909915299"]
[EventDate "2010.07.10"]
[EventType "swiss"]
[EventRounds "9"]
[EventCountry "CAN"]
[SourceTitle "CBM 137 Extra"]
[Source "ChessBase"]
[SourceDate "2010.09.01"]
[SourceVersion "1"]
[SourceVersionDate "2010.09.01"]
[SourceQuality "1"]

1. d4 d5 2. Nc3 Nf6 3. Bg5 c5 4. Bxf6 gxf6 5. e4 dxe4 6. dxc5 f5 7. Bc4 e6 8. Qxd8+ Kxd8 9. O-O-O+ Bd7 10. b4 a5 11. a3 axb4 12. axb4 Rg8 13. g3 Ra1+ 14. Kb2 Rxd1 15. Nxd1 b6 16. cxb6 Bxb4 17. Ne2 Bc5 18. Ne3 Bxb6 19. Rd1 Ke7 20. Nd4 Nc6 21. Ndxf5+ Kd8 22. Nd6 Ke7 23. Nxe4 Rb8 24. Kc1 Ne5 25. Bb3 Bc6 26. Nd6 Bf3 27. Rd2 Ba5 28. Ndc4 Bxd2+ 29. Kxd2 Rd8+ 30. Kc3 Nc6 31. Nd2 Nd4 32. Ndc4 Be2 33. h4 Nxb3 34. cxb3 Rd3+ 35. Kc2 Rd8 36. b4 f6 37. Kc3 Kd7 38. b5 Kc7 39. Kb4 Bxc4 40. Nxc4 Rd1 41. h5 Rf1 42. f4 Rh1 43. g4 Rf1 44. Kc5 Rxf4 45. b6+ Kb8 46. Na5 Rxg4 47. Nc6+ Kc8 48. Kb5 Rg1 49. Na5 Rg5+ 50. Ka6 Rxa5+ 51. Kxa5 f5 52. Kb4 f4 53. Kc3 e5 54. Kd3 f3 0-1

[Event "CAN-op"]
[Site "Toronto CAN"]
[Date "2010.07.12"]
[Round "3"]
[White "Wang, Richard"]
[Black "Gregorz, Ralph"]
[Result "1-0"]
[WhiteElo "2190"]
[BlackElo "2050"]
[PlyCount "71"]
[GameId "2160767909915343"]
[EventDate "2010.07.10"]
[EventType "swiss"]
[EventRounds "9"]
[EventCountry "CAN"]
[SourceTitle "CBM 137 Extra"]
[Source "ChessBase"]
[SourceDate "2010.09.01"]
[SourceVersion "1"]
[SourceVersionDate "2010.09.01"]
[SourceQuality "1"]

1. d4 e6 2. Nf3 Nf6 3. e3 c5 4. Bd3 b6 5. O-O Bb7 6. c4 Be7 7. Nc3 O-O 8. d5 exd5 9. cxd5 d6 10. e4 Ba6 11. Bf4 Bxd3 12. Qxd3 Nh5 13. Bd2 Nf6 14. Ne1 Nbd7 15. f4 a6 16. a4 Qc7 17. Nf3 c4 18. Qe2 Rfe8 19. Kh1 Rab8 20. Nd4 Rb7 21. g4 Nf8 22. g5 N6d7 23. Nc6 b5 24. axb5 axb5 25. Ra5 Nc5 26. Nxb5 Qd7 27. Qxc4 Qh3 28. Ra3 Qd7 29. Re1 Bd8 30. b4 Nxe4 31. Rxe4 Rxe4 32. Qxe4 Rxb5 33. Ra8 Qg4 34. Rxd8 Qd1+ 35. Be1 g6 36. Kg2 1-0

[Event "CAN-op"]
[Site "Toronto CAN"]
[Date "2010.07.13"]
[Round "4"]
[White "Gerzhoy, Leonid"]
[Black "Wang, Richard"]
[Result "1-0"]
[WhiteElo "2471"]
[BlackElo "2190"]
[PlyCount "37"]
[GameId "2160767909915356"]
[EventDate "2010.07.10"]
[EventType "swiss"]
[EventRounds "9"]
[EventCountry "CAN"]
[SourceTitle "CBM 137 Extra"]
[Source "ChessBase"]
[SourceDate "2010.09.01"]
[SourceVersion "1"]
[SourceVersionDate "2010.09.01"]
[SourceQuality "1"]

1. Nf3 c5 2. c4 Nc6 3. d4 cxd4 4. Nxd4 Qb6 5. Nb3 Nf6 6. Nc3 e6 7. g3 Bb4 8. Bg2 O-O 9. O-O a6 10. c5 Qd8 11. Na4 d6 12. Bg5 dxc5 13. Qxd8 Rxd8 14. Nb6 Rb8 15. a3 c4 16. Nxc4 Be7 17. Bf4 Ra8 18. Nb6 Ra7 19. Be3 1-0